00255nam a2200121Ia 45000030006000000080041000060400015000471000020000622450013000822600009000955460012001040050017001160STCL150530s9999 xx 000 0 und d aSTCLcSTCL aWodehouse, P.G. aGold Bat c1937 aEnglish20220125171034.0